| 000 | 00527nam a2200169 a 4500 | ||
|---|---|---|---|
| 005 | 20210223125037.0 | ||
| 008 | 030703s1988 mx r 000 0 spa d | ||
| 035 | _aUPN01000127221 | ||
| 049 | _aSEP | ||
| 050 | 4 |
_aLA427.5 _bB3.4 |
|
| 245 | 0 | 0 | _aBaja California 1986. |
| 260 |
_aMéxico : _bSEP : _bANUIES, _c1988. |
||
| 300 |
_a84 p. : _bcuadros |
||
| 440 | 0 | _aPrograma estatal indicativo para el desarrollo de la educación superior | |
| 650 | 4 |
_aEDUCACION SUPERIOR - _xPLANIFICACION - _zBAJA CALIFORNIA _919471 |
|
| 905 | _aLibro | ||
| 999 |
_c99400 _d99400 |
||